LEADER 01410nam a2200313 i 4500 001 000000150021 003 CaOOAMICUS 005 20060525000000.0 008 060525s2005 it u000 u ita u 013 $a127353 020 $a88-464-7265-9 040 $aSeMil$bita 100 1 $aBelardinelli, Sergio,$d<1952- >.$0(OLS)http://semarc/name/9826 245 10$aEtica d'Impresa /$cSergio Belardinelli ... [et al.] ; a cura di Gianfranco Rusconi e Michele Dorigatti. 260 $aMilano :$bFranco Angeli,$cCopyr. 2005. 300 $a247 p. :$bgrafici, tabelle ;$c23 cm. 490 0 $aPersona, Imprese e Società ;$v5 500 $aContiene : riferimenti Bibliografici. - Dono del Card. Dionigi Tettamanzi. 650 4$aImprese - Gestione - Aspetti etici.$0(OLS)http://semarc/subject/29345 700 1 $aDorigatti, Michele.$0(OLS)http://semarc/name/59224 700 1 $aRusconi, Gianfranco.$0(OLS)http://semarc/name/59223 830 0$aPersona, imprese e società / ACLI Milanesi ;$v5.$0(OLS)http://semarc/title/423339 850 $aSeMil 852 $aSeMil$W1$xVenegono$y1$m3M III 2$j102196$B102196$CSeMilBibl$Z2$F112241 $81 941 1 $a5 961 $aOmaggio: Tettamanzi Card. Dionigi 996 $6020$a88-464-7265-9$9(OLS)http://semarc/number/139341 996 $6245$aEtica d'Impresa$9(OLS)http://semarc/title/219346 996 $6260$aMilano :$bFranco Angeli$9(OLS)http://semarc/publisher/30369 LEADER 00953nam a2200217 4500 001 000000340956 003 CaOOAMICUS 005 20200707150450.0 008 200707s18961897it a 000 u ita r 040 $aSeMil$bita 100 11$aIssel, Arturo,$d<1842-1922>.$0(OLS)http://semarc/name/79765 245 00$aCompendio di geologia /$cdel prof. A. Issel ; col concorso dell'ingegnere S. Traverso. 264 1$aTorino :$bUnione Tipografico-Editrice,$c1896-1897. 300 $a2 v. :$bill. ;$c24 cm 650 4$aGeologia.$0(OLS)http://semarc/subject/5966 700 1 $aTraverso, Stefano.$0(OLS)http://semarc/name/111709 774 0 $tParte 1.$dTorino : Unione Tipografico-Editrice, 1896.$w()340957 774 0 $tParte 2.$dTorino : Unione Tipografico-Editrice, 1897.$w()340958 996 $6245$aCompendio di geologia$9(OLS)http://semarc/title/430022 996 $6264$aTorino :$bUnione Tipografico-Editrice$9(OLS)http://semarc/publisher/30119